000
00312nam a2200133Ia 4500
003
OSt
005
20231208105142.0
008
170524s9999 xx 000 0 und d
020
_a
9788131715369
040
_c
IIMT UNIVERSITY
100
_a
STALLING W
245
0
_a
DATA AND COMPUTER COMMUNICATION
942
_2
ddc
_c
02
999
_c
4508
_d
4508